Procesamiento de Datos en UNIX : con INFORMIX-SQL, ESQL/C, C-ISAM y TURBO / Ramkrishna S. Tare (Registro nro. 11804)
[ vista simple ]
| 000 -LÍDER | |
|---|---|
| fixed length control field | 00646nam a2200169 4500 |
| 008 - ELEMENTOS DE LONGITUD FIJA -- INFORMACIÓN GENERAL | |
| fixed length control field | 01992 1992 0a 000 0MEX |
| 020 ## - NÚMERO INTERNACIONAL NORMALIZADO PARA LIBROS | |
| ISBN | 970-10-0101-X |
| 050 ## - SIGNATURA TOPOGRAFICA DE LA BIBLIOTECA DEL CONGRESO (LC) | |
| Número de Clasificación | QA76.9D3 T184 |
| 082 ## - NUMERO DE CLASIFICACION DECIMAL DEWEY | |
| Número de Clasificación | 001.6 728p |
| 100 ## - ASIENTO PRINCIPAL--NOMBRE PERSONAL | |
| Nombre personal | Tare, Ramkrishna S. |
| 245 ## - TÍTULO | |
| Título | Procesamiento de Datos en UNIX : con INFORMIX-SQL, ESQL/C, C-ISAM y TURBO / Ramkrishna S. Tare |
| 260 ## - PUBLICACIÓN, DISTRIBUCIÓN, ETC. (PIE DE IMPRENTA) | |
| Lugar de publicación, distribución, etc. | México : McGraw-Hill |
| 300 ## - DESCRIPCIÓN FÍSICA | |
| Extensión | xii, 370 p. / 23 cm. |
| 500 ## - NOTA GENERAL | |
| Nota general | Incluye bibliografía, índice. |
| 650 ## - ASIENTO SECUNDARIO DE MATERIA - TERMINO TEMÁTICO | |
| Término temático o nombre geográfico como elemento de entrada | 1.BANCO DE DATOS-ADMINISTRACIÓN \ 2.INIX (SISTEMA OPERATIVO PARA COMPUTADORAS) |
| 700 ## - ASIENTO SECUNDARIO - NOMBRE PERSONAL | |
| Nombre personal | Vegas Alonso, Julio Tr. \ Vaquero S nchez, Antonio Rev. Téc. |
| No. biblioteca | No. biblioteca | Número de clasificación | Código de barras/Número de adquisición | Número de copia | Tipo de material |
|---|---|---|---|---|---|
| LUIS G. INCLAN | LUIS G. INCLAN | 001.6 728p | 25792 | 8 | Libros |
| LUIS G. INCLAN | LUIS G. INCLAN | 001.6 728p | 21162 | 5 | Libros |
| LUIS G. INCLAN | LUIS G. INCLAN | 001.6 728p | 21163 | 6 | Libros |
| LUIS G. INCLAN | LUIS G. INCLAN | 001.6 728p | 21164 | 7 | Libros |
